000 01000cab a22002175a 4500
001 L141311
008 071115e20071110xxk f 000 0 eng d
035 _a(Sirsi) u141311
041 0 _aeng
100 1 _aWebber, Richard
245 0 0 _aPrescribing the course of action
260 _c2007
490 _aEstates Gazette
_v(0745) 10 November 2007, 157(1)
520 _aConsiders obligations to attempt actions expressed within sale agreements. Examines how hard a party may be expected to carry out acts which are against its commercial interest. There is no clear test for using best, reasonable or all reasonable endeavours. Provides a general guide for this based on case law in two recent, prominent rulings.
590 _aKA
650 2 4 _aYEWBELLE LTD V LONDON GREEN DEVELOPMENTS LTD AND ANOTHER
650 2 4 _aRHODIA INTERNATIONAL HOLDINGS LTD AND ANOTHER V HUNTSMAN INTERNATIONAL LLC
651 4 _aUnited Kingdom
_y
690 _aPROPERTY-PROPERTY ACQUISITION AND DISPOSAL
942 _n0
999 _c79452
_d79452